Most Popular Fragrances On Fragrantica - Statistics

General Stats
  • This quiz has been taken 130 times
  • The average score is 20 of 100
Answer Stats
Brand Fragrance % Correct
Yves Saint Laurent Y Eau de Parfum
94%
Jean Paul Gaultier Le Male
86%
Dior Sauvage
72%
Kilian Angels' Share
68%
Versace Eros
63%
Jean Paul Gaultier Le Male Elixir
61%
Jean Paul Gaultier Le Beau
60%
Xerjoff Naxos
60%
Lattafa Khamrah
57%
Tom Ford Tobacco Vanille
49%
Parfums de Marly Althair
48%
Creed Aventus
48%
Maison Martin Margiela By The Fireplace
47%
Maison Martin Margiela Jazz Club
46%
Louis Vuitton Imagination
45%
Versace Eros Flame
44%
Giorgio Armani Stronger With You Intensely
44%
Jean Paul Gaultier Le Male Le Parfum
43%
Afnan 9pm
41%
Azzaro The Most Wanted
40%
Parfums de Marly Layton
38%
Xerjoff Erba Pura
37%
Yves Saint Laurent MYSLF Eau de Parfum
33%
Parfums de Marly Greenley
32%
Jean Paul Gaultier Le Beau Le Parfum
32%
Jean Paul Gaultier Ultra Male
31%
Versace Pour Homme Dylan Blue
30%
Nautica Voyage
30%
Maison Francis Kurkdijian Grand Soir
29%
Maison Francis Kurkdijian Baccarat Rouge 540
28%
Valentino Born In Roma Intense
25%
Tom Ford Oud Wood
24%
Armaf Club de Nuit Intense Man
22%
Lattafa Khamrah Qahwa
22%
Giorgio Armani Acqua di Gio
20%
Dolce&Gabbana Light Blue
20%
Tom Ford Ombre Leather
20%
Dior Sauvage Elixir
20%
Lattafa Asad
18%
Viktor&Rolf Spicebomb Extreme
18%
Giardini Di Toscana Bianco Latte
17%
Tom Ford Lost Cherry
17%
Louis Vuitton Pacific Chill
17%
Prada L'Homme
16%
Giorgio Armani Stronger With You Absolutely
15%
Azzaro The Most Wanted Parfum
14%
Valentino Born In Roma Coral Fantasy
13%
Mancera Red Tobacco
13%
Xerjoff Torino21
13%
Initio Side Effect
11%
Burberry Goddess
10%
Carolina Herrera Good Girl
10%
Yves Saint Laurent Babycat
9%
Versace Pour Homme
9%
Jean Paul Gaultier Le Beau Paradise Garden
8%
Nishane Ani
7%
Montale Arabians Tonka
7%
Yves Saint Laurent Black Opium
7%
Tom Ford Black Orchid
7%
Mancera Cedrat Boise
7%
Montblack Explorer
7%
Givenchy Gentleman Eau de Parfum Reserve Privee
7%
Yves Saint Laurent La Nuit de l'Homme
7%
Lancome La Vie Est Belle
7%
Maison Crivelli Oud Maracuja
7%
Dior Dior Homme Intense
6%
Yves Saint Laurent Libre
6%
Hermes Terre d'Hermes
6%
Giorgio Armani Acqua di Gio Profondo
5%
Mancera Amore Caffe
5%
Parfums de Marly Delina
5%
Le Labo Santal 33
5%
Byredo Bal d'Afrique
3%
Chanel Bleu de Chanel Eau de Parfum
3%
Dolce&Gabbana Devotion
3%
BDK Gris Charnel
3%
Mancera Instant Crush
3%
Kilian Love Don't Be Shy
3%
Kayali Fragrances Vanilla 28
3%
Giorgio Armani Acqua di Gio Profumo
2%
Mugler Alien
2%
Billie Eilish Eilish
2%
Nishane Hacivat
2%
Xerjoff Lira
2%
Prada Paradoxe
2%
Lattafa Yara
2%
Essential Parfums Bois Imperial
1%
Sol de Janeiro Cheirosa 62
1%
Lattafa Eclaire
1%
Lalique Encre Noire
1%
Rasasi Hawas for Him
1%
Dior Hypnotic Poison
1%
Dolce&Gabbana The One For Men Eau de Parfum
1%
Lattafa Bade'e Al Oud Honor & Glory
0%
Les Liquides Imaginaires Blanche Bete
0%
Burberry Burberry Her
0%
Valentino Donna Born In Roma
0%
Marc-Antoine Barrois Ganymede
0%
Amouage Guidance
0%
Tom Ford Noir Extreme
0%
No matching quizzes found
Score Distribution
Percent of People with Each Score
Percentile by Number Answered
Your Score History
You have not taken this quiz